LEADER 02690nam 2200541 450 001 996517753103316 005 20230730235958.0 010 $a9783031281242$b(electronic bk.) 010 $z9783031281235 024 7 $a10.1007/978-3-031-28124-2 035 $a(MiAaPQ)EBC7231672 035 $a(Au-PeEL)EBL7231672 035 $a(OCoLC)1374851659 035 $a(DE-He213)978-3-031-28124-2 035 $a(PPN)269092749 035 $a(EXLCZ)9926378557800041 100 $a20230730d2023 uy 0 101 0 $aeng 135 $aurcnu|||||||| 181 $ctxt$2rdacontent 182 $cc$2rdamedia 183 $acr$2rdacarrier 200 00$aSmart Computing and Communication $e7th International Conference, SmartCom 2022, New York City, NY, USA, November 18-20, 2022, Proceedings /$fMeikang Qiu, Zhihui Lu, and Cheng Zhang, editors 205 $aFirst edition. 210 1$aCham, Switzerland :$cSpringer,$d[2023] 210 4$dİ2023 215 $a1 online resource (724 pages) 225 1 $aLecture Notes in Computer Science Series ;$vVolume 13828 311 08$aPrint version: Qiu, Meikang Smart Computing and Communication Cham : Springer International Publishing AG,c2023 9783031281235 320 $aIncludes bibliographical references and index. 330 $aThis book constitutes the proceedings of the 7th International Conference on Smart Computing and Communication, SmartCom 2022, held in New York City, NY, USA, during November 18?20, 2022. The 64 papers included in this book were carefully reviewed and selected from 312 submissions. SmartCom 2023 focus on recent booming developments in Web-based technologies and mobile applications which have facilitated a dramatic growth in the implementation of new techniques, such as cloud computing, edge computing, big data, pervasive computing, Internet of Things, security and privacy, blockchain, Web 3.0, and social cyber-physical systems. The conference gathered all high-quality research/industrial papers related to smart computing and communications and aimed at proposing a reference guideline for further research. 410 0$aLecture notes in computer science ;$vVolume 13828. 606 $aCloud computing$vCongresses 606 $aComputer networks$vCongresses 606 $aComputer security$vCongresses 615 0$aCloud computing 615 0$aComputer networks 615 0$aComputer security 676 $a004.6782 702 $aQiu$b Meikang 702 $aLu$b Zhihui 702 $aZhang$b Cheng 801 0$bMiAaPQ 801 1$bMiAaPQ 801 2$bMiAaPQ 912 $a996517753103316 996 $aSmart Computing and Communication$91939023 997 $aUNISA LEADER 01832nam 2200433 a 450 001 9910699034203321 005 20100226095000.0 035 $a(CKB)5470000002399546 035 $a(OCoLC)529841098 035 $a(OCoLC)995470000002399546 035 $a(EXLCZ)995470000002399546 100 $a20100226d2005 ua 0 101 0 $aeng 135 $aurmn||||||||| 181 $ctxt$2rdacontent 182 $cc$2rdamedia 183 $acr$2rdacarrier 200 10$aEconomic analysis of protection of essential fish habitat in Alaskan fisheries$b[electronic resource] $ean analysis of research needs /$fby D.S. Holland 210 1$aSeattle, Wash. :$cU.S. Dept. of Commerce, National Oceanic and Atmospheric Administration, National Marine Fisheries Service, Alaska Fisheries Science Center,$d[2005] 215 $a1 online resource (v, 39 pages) 225 1 $aNOAA technical memorandum NMFS-AFSC ;$v154 300 $aTitle from title screen (viewed on Feb. 25, 2010). 300 $a"August 2005." 320 $aIncludes bibliographical references. 517 $aEconomic analysis of protection of essential fish habitat in Alaskan fisheries 606 $aFishes$xHabitat$xConservation$xEconomic aspects$zAlaska 606 $aFishery management$xEconomic aspects$zAlaska 606 $aFish habitat improvement$xEconomic aspects$zAlaska 615 0$aFishes$xHabitat$xConservation$xEconomic aspects 615 0$aFishery management$xEconomic aspects 615 0$aFish habitat improvement$xEconomic aspects 700 $aHolland$b Daniel S$0261066 712 02$aAlaska Fisheries Science Center (U.S.) 801 0$bGPO 801 1$bGPO 906 $aBOOK 912 $a9910699034203321 996 $aEconomic analysis of protection of essential fish habitat in Alaskan fisheries$93468085 997 $aUNINA